Countries Closest to Bermuda A-Z - Statistics

General Stats
  • This quiz has been taken 2,608 times
    2,567 since last reset
  • The average score is 20 of 24
Answer Stats
Country % Correct
U United States
97%
D Dominican Republic
93%
H Haiti
93%
Y Yemen
93%
A Antigua & Barbuda
92%
B Bahamas
92%
C Canada
92%
J Jamaica
92%
O Oman
92%
Q Qatar
92%
Z Zambia
92%
V Venezuela
91%
F France
86%
S St. Kitts & Nevis
86%
G Grenada
84%
M Mexico
84%
E El Salvador
83%
T Trinidad & Tobago
83%
N Nicaragua
82%
P Panama
81%
I Iceland
73%
K Kosovo
65%
R Romania
60%
L Luxembourg
54%
No matching quizzes found
Score Distribution
Percent of People with Each Score
Percentile by Number Answered
Your Score History
You have not taken this quiz since the last reset